| 000 | 00379nam a22001697a 4500 | ||
|---|---|---|---|
| 003 | OSt | ||
| 008 | 240504b |||||||| |||| 00| 0 eng d | ||
| 020 | _a9789356062436 | ||
| 082 | _a658.1522 TIV | ||
| 100 | _aTITMAN,Sheridan | ||
| 245 | _aValuation | ||
| 250 | _a3rd Ed | ||
| 260 |
_aNew Delhi _bPearson _c2024 |
||
| 300 | _a529 | ||
| 700 | _aMARTIN,John D | ||
| 942 |
_2ddc _cBK |
||
| 999 |
_c12622 _d12622 |
||